01220 2200193 4500001002100000005001500021035002000036245007400056100001800130250003100148300003200179260003400211082001100245084001700256020002200273650001700295520068700312520002700999INLIS00000000000008820240502080658 a0010-05240000101 aZaid Bin Tsabit :bHarimau Islam yang Banyak Jasanya /cTubagus Fajar0 aTubagus Fajar acetakan ke-1, edisi revisi avi, 64 hlm :bilus ;c25 cm aBandung :bTitian Ilmu,c2007 a297.63 a297.63 TUB z a978-979-130-405-4 4aSahabat Nabi aZaid bin Tsabit adalah salah seorang sahabat nabi yang berjadsa besar dalam mengumpulkan setiap ayat suci Al Quran menjadi kitab seperti sekarang ini. Ia beasal dari suku Khazraj di Madinah. Pada umur 11 tahun ia telah masuk Islam. Ia tak henti-hentinya menghafal Al Quran. Mata hati Zaid semakin mantap dalam menyelami isi dan arti Al Quran. Di tulisanya ayat demi ayat wahyu Tuhan tersebut di pelepah kurma atau di kulit kambing dan batu. Hingga akhirnya ia berhasil mengumpulkan mashaf Quran. Jasa tersebut merupakan jasa terbesar yang berlaku sepanjang jalan kehidupan manusia. Jasa Zaid bin Tsabit terhadap dunia Islam sangat besar. Jasanya meliputi dunia hingga ke akhirat. aSeri Para Sahabat Nabi